Corporate information strategy and management : text and cases /
Saved in:
| Main Author: | |
|---|---|
| Other Authors: | , |
| Format: | Book |
| Published: |
New Delhi :
McGraw-Hill Irwin,
c2008.
|
| Edition: | 7th ed. |
| Subjects: | |
| Online Access: | http://www.loc.gov/catdir/description/mh024/2002026561.html http://www.loc.gov/catdir/toc/mh023/2002026561.html |
| Tags: |
Add Tag
No Tags, Be the first to tag this record!
|
MARC
| LEADER | 00000cam a22000004a 4500 | ||
|---|---|---|---|
| 020 | |a 9780070635845 |c TZS 18,653.744 | ||
| 040 | |a MUL |b eng. |e AACR | ||
| 082 | 0 | 0 | |a 658.4038 APP |
| 100 | 1 | |a Applegate, Lynda M. | |
| 245 | 1 | 0 | |a Corporate information strategy and management : |b text and cases / |c Lynda M. Applegate, Robert D. Austin, F. Warren McFarlan. |
| 250 | |a 7th ed. | ||
| 260 | |a New Delhi : |b McGraw-Hill Irwin, |c c2008. | ||
| 300 | |a x, 726 p. : |b ill. |c 24 cm. | ||
| 500 | |a | ||
| 504 | |a Includes bibliographical references and index. | ||
| 546 | |a eng. | ||
| 650 | 0 | |a Information technology | |
| 650 | 0 | |a Management information systems. | |
| 650 | 0 | |a Information resources management. | |
| 650 | 0 | |a Information technology | |
| 700 | 1 | |a Austin, Robert D. |d 1962- | |
| 700 | 1 | |a McFarlan, F. Warren | |
| 700 | 1 | |a Applegate, Lynda M. | |
| 856 | 4 | 2 | |u http://www.loc.gov/catdir/description/mh024/2002026561.html |
| 856 | 4 | 1 | |u http://www.loc.gov/catdir/toc/mh023/2002026561.html |
| 942 | |c BK | ||
| 999 | |c 5399 |d 5399 | ||